01367cam a22003497a 4500003000500000005001700005008004100022010001000063011001000073035001100083040000900094090001000103100004400113245014300157260004300300300001100343502012600354590003700480590004100517590004100558590004100599590004200640650003500682650004000717650002100757901000700778905002600785942001000811949005100821999001700872952012800889CHAP20220329142914.0050127d2003 mx r 00110 spa d a89458 a90430 a100986 cCHAP aTesis00aMontes Estrada, María Leonila.97787310aCultura y hábitos alimentarios en dos comunidades indígenas de la Sierra de Santa Marta, Veracruzc/por María Leonila Montes Estrada aMontecillo, Méx. :bEl autor,c2003. a197 h. aTesis(M.C.) -- CP. Instituto de Socioeconomía, Estadística e Informática. Programa en Estudios del Desarrollo Rural aALEPHb10c20130110lUCH01h1504 aBATCH-UPDb10c20130110lUCH01h0716 aBATCH-UPDb10c20130410lUCH01h0401 aBATCH-UPDb10c20130914lUCH01h1618 aCONVERSIONb10c20130109lUCH01h135014aHábitos alimenticios.95567914aIndios de VeracruzxCultura.95766514aSierras.9105875 aBK aAlejandra Carrasco M. cTESIS aTesisbBCcTESd1009861eTS1h42800i100986sb c89458d89458 00102local4051708TESISaBCbBCcPA_TESISd2019-12-31fTESISl0oTesisp1009861r2019-12-31 00:00:00w2019-12-31yTESIS